000 00856nam a22002651 4500
001 17585
003 ES-SlBC
005 20210327223948.0
008 930725s1960 sp lat
016 7 _abimoBNE19994438986
_zIND9300604093
_2SpMaBN
017 _aM 965-1960
_bOficina Depósito Legal Madrid
040 _aSpMaBN
_bspa
_cA2
_dES-SlBC
041 0 _alat
_aspa
080 0 _a264.02-12
110 2 _aIglesia Católica
_91889
245 1 0 _aMisal completo latino-español para uso de los fieles
_cpor el P. Valentín M. Sánchez Ruiz, S.J.
250 _a7ª ed.
260 0 _aMadrid :
_bApostolado de la Prensa
_c, [1949]
300 _aLXVIII, 1108, 1-138 p., 1 h. ;
_c16 cm
500 _aGrab. intercal.
655 7 _aMisales
_917908
700 1 1 _aSánchez Ruiz, Valentín Mª
_914338
700 1 1 _aEspert, Eduardo
_928218
942 _2lcc
_cBK
999 _c447033
_d447033